书目信息 |
| 题名: |
中国百科年鉴
|
|
| 作者: | ;《中国百科年鉴》编辑部 , 中国大百科全书出版社 编 | |
| 分册: | 1981 | |
| 出版信息: | 北京 中国大百科全书出版社 1981 |
|
| 页数: | 609页 | |
| 开本: | 26cm | |
| 丛书名: | ||
| 单 册: | ||
| 中图分类: | Z52 | |
| 科图分类: | ||
| 主题词: | 年鉴--中国 | |
| 电子资源: | ||
| ISBN: | ||
| 000 | 00790nam0 2200253 45 | |
| 001 | 0181006434 | |
| 005 | 20060427092040.54 | |
| 010 | @dCNY4.60 | |
| 091 | @a17192.1004 | |
| 100 | @a19950609d1981 kemy0chiy0121 ea | |
| 101 | 0 | @achi |
| 102 | @aCN@b110000 | |
| 105 | @ay f 000yy | |
| 200 | 10 | @a中国百科年鉴@Azhong guo bai ke nian jian@h1981@f中国大百科全书出版社,《中国百科年鉴》编辑部编@FZhong Guo Da Bai Ke Quan Shu Chu Ban She,《ZhongGuo Bai Ke Nian Jian》Bian Ji Bu Bian |
| 205 | @a缩印本 | |
| 210 | @a北京@c中国大百科全书出版社@d1981 | |
| 215 | @a609页@d26cm | |
| 606 | 0 | @a年鉴@x中国 |
| 690 | @aZ52@v3 | |
| 711 | 02 | @a《中国百科年鉴》编辑部@4编 |
| 711 | 02 | @a中国大百科全书出版社@4编 |
| 801 | 2 | @aCN@bNLC@c20060427 |
| 801 | 0 | @aCN@b上海图书馆@c20040302 |
| 905 | @dZ52@e12 | |
| 中国百科年鉴.1981/中国大百科全书出版社,《中国百科年鉴》编辑部编.-缩印本.-北京:中国大百科全书出版社,1981 |
| 609页;26cm |
| ISBN :CNY4.60 |
| ● |
| 相关链接 |
|
|
|
|
正题名:中国百科年鉴
索取号:Z52/12
 
预约/预借
| 序号 | 登录号 | 条形码 | 馆藏地/架位号 | 状态 | 备注 |
| 1 | 0179912 | 202271353 | 密集书库/ [索取号:Z52/12] | 在馆 |